00967 2200349 4500001002100000005001500021035002000036007000300056040001700059100003000076245008300106250001000189300003400199020002200233041000800255082000800263084001400271090002100285264003100306336002100337337003000358338002300388650001000411700003500421850001000456008004100466990002400507990002200531990002200553990002200575990002000597INLIS00000000000972220260414031137 a0010-0123000049ta aSBPUPADbInd0 aAmroeni DrajatePengarang1 aFilsafat Islam :bBuat Yang Pengen Tahu /cAmroeni Drajat; editor, Sayed Mahdi aCet.1 av, 189 hlm. :bilus. ;c21 cm a978-979-015-852-8 aind a201 a201 AMR f a201 AMR f 2 R-12 aJakarta :bErlangga,c2006 2rdacontentaTeks 2rdamediaatanpa perantara 2rdacarrieravolume 4aAgama aeditor, Sayed MahdiePengarang aPUPAD260414 0  a27.162/ H/ DPK/2018 a27.161/H/DPK/2018 a27.160/H/DPK/2018 a27.159/H/DPK/2018 a28.514/P/DPK/18